000 00787nam a22002297a 4500
999 _c6115
_d6115
003 AR-CdUCM
008 190313b ||||| |||| 00| 0 spa d
040 _aMUNICIPALIDAD PROVINCIAL DEL CUSCO
_cBIBLIOTECA MUNICIPAL DEL CUSCO
082 _a891.74 /
_bN56
100 _aNikitin, Nikolái
_917756
245 _aAurora del Norte /
260 _aMoscú :
_bEdiciones en Lenguas Extranjeras ;
_c1953.
300 _a614 páginas
_bIlustraciones
_c20cm
440 _aColección Obras Selectas de la Literatura Soviética
_917757
500 _aPremio Stalin 1950 -- Donación de la familia Nieto
505 _aContenido: Novela
650 _aNovela rusa
_912025
650 _aLiteratura soviética
_91550
650 _aLiteratura siglo XX
_91173
942 _2ddc
_cLIBROS
945 _anom